| 000 | 00982nam a22002777a 4500 | ||
|---|---|---|---|
| 082 |
_a624.17 _bGRA _cD |
||
| 100 |
_aGrassie, James C _942725 |
||
| 245 |
_aElementary theory of structures / _cJames C Grassie |
||
| 260 |
_aLondon : _bLongman Publishers and Distributors, _c1950. |
||
| 300 | _aviii, 392 p. : | ||
| 526 |
_a0 _b0 _c0 _d624_170000000000000_GRA |
||
| 526 |
_a0 _b0 _c0 _d624_170000000000000_GRA |
||
| 526 |
_a0 _b0 _c0 _d624_170000000000000_GRA |
||
| 526 |
_a0 _b0 _c0 _d624_170000000000000_GRA |
||
| 526 |
_a0 _b0 _c0 _d624_170000000000000_GRA |
||
| 526 |
_a0 _b0 _c0 _d624_170000000000000_GRA |
||
| 526 |
_a0 _b0 _c0 _d624_170000000000000_GRA |
||
| 526 |
_a0 _b0 _c0 _d624_170000000000000_GRA |
||
| 526 |
_a0 _b0 _c0 _d624_170000000000000_GRA |
||
| 526 |
_a0 _b0 _c0 _d624_170000000000000_GRA |
||
| 526 |
_a0 _b0 _c0 _d624_170000000000000_GRA |
||
| 526 |
_a0 _b0 _c0 _d624_170000000000000_GRA |
||
| 526 |
_a0 _b0 _c0 _d624_170000000000000_GRA |
||
| 650 |
_aMCE _9379 |
||
| 942 |
_2ddc _cBK |
||
| 999 |
_c546574 _d546574 |
||